00860nam a2200217Ia 4500003000900000008004100009020001800050040001600068080002100084111008700105245017700192260004200369300001300411490006300424500002600487650001400513650004100527650002500568650002100593700002800614IN-BaIIA211028s9999 xx 000 0 eng d a90-277-1159-3 cIIA Library a063:52bIAU-T17B aInternational Astronomical Union General Assemblyn17thcCanadad1979 Aug. 14 - 23 0aHighlights of astronomybproceedings of the 17th General Assembly Montreal, Canada, August 14 - 23, 1979cedited by Patrick A. Wayman  aDordrechtbD. Reidel Publishingc1980 ax, 527p. aTransactions of the International Astronomical Union; v. X aDonated by Mrs. Bappu aAstronomy aAstronomy and Astrophysics Thesaurus aIAU General Assembly aIAU Transactions aWayman, Patrick A., ed.